000 01079nam a2200301 a 4500
001 000114351
003 CHAP
005 20220329144437.0
008 180115s2017 mx |sm |||||||spa d
010 _a110812
011 _a111784
040 _cCHAP
090 _aTesis
100 1 _aGómez Gutiérrez, Rodolfo
_9134315
245 1 0 _aProductividad del agua, capital y trabajo en nogal (Carya illinoensis) en Tlahualilo, Durango.
_h[En línea]
_cpor Rodolfo Gómez Gutiérrez.
260 _aChapingo, Méx. :
_bEl autor,
_c2017.
500 _aPara ver el contenido del material haga clic en la liga
502 _aTesis (Ing. Agr. Esp. en Fitotecnia) -- UACH. Departamento de Fitotecnia
590 _aE6337LMJ
_b05
_c20180115
_lUCH01
_h1135
590 _aE6337LMJ
_b05
_c20180115
_lUCH01
_h1136
650 1 4 _aAgua
_xAprovechamiento
_xDurango.
_92288
650 1 4 _aNogal
_xAgua requerida.
_981546
650 1 4 _aNogal
_zComarca Lagunera.
_981574
856 _aFinding aid
_uhttp://10.13.5.2/tesis/sist114351.pdf
_zTeclea aquí
901 _aBK
942 _cTESIS
942 _n0
999 _c110812
_d110812